<?xml version="1.0" encoding="UTF-8"?>
<record
    xmlns:xsi="http://www.w3.org/2001/XMLSchema-instance"
    xsi:schemaLocation="http://www.loc.gov/MARC21/slim http://www.loc.gov/standards/marcxml/schema/MARC21slim.xsd"
    xmlns="http://www.loc.gov/MARC21/slim">

  <leader>00573nam a22001577a 4500</leader>
  <controlfield tag="003">OSt</controlfield>
  <controlfield tag="005">20190123142913.0</controlfield>
  <controlfield tag="008">190123b        xxu||||| |||| 00| 0 eng d</controlfield>
  <datafield tag="040" ind1=" " ind2=" ">
    <subfield code="c">RUA</subfield>
  </datafield>
  <datafield tag="082" ind1=" " ind2=" ">
    <subfield code="a">AGR THA 2017 B625 Or.1</subfield>
  </datafield>
  <datafield tag="100" ind1=" " ind2=" ">
    <subfield code="9">13426</subfield>
    <subfield code="a">THAN CHANTHY &#x1790;&#x17B6;&#x1793; &#x1785;&#x17D0;&#x1793;&#x17D2;&#x1791;&#x1792;&#x17B8;</subfield>
  </datafield>
  <datafield tag="245" ind1=" " ind2=" ">
    <subfield code="a">comparison of corn (Zea mays ) varieties under dry season condition &#x1780;&#x17B6;&#x179A;&#x1794;&#x17D2;&#x179A;&#x17C0;&#x1792;&#x17C0;&#x1794;&#x1787;&#x17BC;&#x1796;&#x17C4;&#x178F;&#x1780;&#x17D2;&#x179A;&#x17C4;&#x1798;&#x179B;&#x1780;&#x17D2;&#x1781;&#x178E;&#x17D2;&#x178C;&#x179A;&#x178A;&#x17BC;&#x179C;&#x1794;&#x17D2;&#x179A;&#x17B6;&#x17C6;</subfield>
  </datafield>
  <datafield tag="260" ind1=" " ind2=" ">
    <subfield code="a">phnom penh</subfield>
    <subfield code="b">RUA</subfield>
    <subfield code="c">2017</subfield>
  </datafield>
  <datafield tag="300" ind1=" " ind2=" ">
    <subfield code="a">xii;40p</subfield>
    <subfield code="b">ill;</subfield>
    <subfield code="c">29cm;</subfield>
  </datafield>
  <datafield tag="942" ind1=" " ind2=" ">
    <subfield code="2">ddc</subfield>
    <subfield code="c">AGR</subfield>
  </datafield>
  <datafield tag="999" ind1=" " ind2=" ">
    <subfield code="c">17766</subfield>
    <subfield code="d">17766</subfield>
  </datafield>
  <datafield tag="952" ind1=" " ind2=" ">
    <subfield code="0">0</subfield>
    <subfield code="1">0</subfield>
    <subfield code="2">ddc</subfield>
    <subfield code="4">0</subfield>
    <subfield code="6">AGR_THA_2017_000000000000000_B625_OR_1</subfield>
    <subfield code="7">0</subfield>
    <subfield code="9">77927</subfield>
    <subfield code="a">LBB</subfield>
    <subfield code="b">LBB</subfield>
    <subfield code="c">B625</subfield>
    <subfield code="d">2019-01-23</subfield>
    <subfield code="o">AGR THA 2017 B625 Or.1</subfield>
    <subfield code="p">A40469</subfield>
    <subfield code="r">2019-01-23</subfield>
    <subfield code="w">2019-01-23</subfield>
    <subfield code="y">AGR</subfield>
  </datafield>
  <datafield tag="952" ind1=" " ind2=" ">
    <subfield code="0">0</subfield>
    <subfield code="1">0</subfield>
    <subfield code="2">ddc</subfield>
    <subfield code="4">0</subfield>
    <subfield code="6">AGR_THA_2017_000000000000000_B625_OR_2</subfield>
    <subfield code="7">0</subfield>
    <subfield code="9">77928</subfield>
    <subfield code="a">LBB</subfield>
    <subfield code="b">LBB</subfield>
    <subfield code="c">B625</subfield>
    <subfield code="d">2019-01-23</subfield>
    <subfield code="o">AGR THA 2017 B625 Or.2</subfield>
    <subfield code="p">A40614</subfield>
    <subfield code="r">2019-01-23</subfield>
    <subfield code="w">2019-01-23</subfield>
    <subfield code="y">AGR</subfield>
  </datafield>
  <datafield tag="952" ind1=" " ind2=" ">
    <subfield code="0">0</subfield>
    <subfield code="1">0</subfield>
    <subfield code="2">ddc</subfield>
    <subfield code="4">0</subfield>
    <subfield code="6">AGR_THA_2017_000000000000000_B625_OR_3</subfield>
    <subfield code="7">0</subfield>
    <subfield code="9">77929</subfield>
    <subfield code="a">LBB</subfield>
    <subfield code="b">LBB</subfield>
    <subfield code="c">B625</subfield>
    <subfield code="d">2019-01-23</subfield>
    <subfield code="l">1</subfield>
    <subfield code="o">AGR THA 2017 B625 Or.3</subfield>
    <subfield code="p">A40633</subfield>
    <subfield code="r">2019-12-09</subfield>
    <subfield code="s">2019-11-29</subfield>
    <subfield code="w">2019-01-23</subfield>
    <subfield code="y">AGR</subfield>
  </datafield>
  <datafield tag="952" ind1=" " ind2=" ">
    <subfield code="0">0</subfield>
    <subfield code="1">0</subfield>
    <subfield code="2">ddc</subfield>
    <subfield code="4">0</subfield>
    <subfield code="6">AGR_THA_2017_000000000000000_B625_OR_4</subfield>
    <subfield code="7">0</subfield>
    <subfield code="9">77930</subfield>
    <subfield code="a">LBB</subfield>
    <subfield code="b">LBB</subfield>
    <subfield code="c">B625</subfield>
    <subfield code="d">2019-01-23</subfield>
    <subfield code="l">1</subfield>
    <subfield code="o">AGR THA 2017 B625 Or.4</subfield>
    <subfield code="p">A41002</subfield>
    <subfield code="r">2019-07-12</subfield>
    <subfield code="s">2019-07-02</subfield>
    <subfield code="w">2019-01-23</subfield>
    <subfield code="y">AGR</subfield>
  </datafield>
</record>
